Viage de España (Record no. 162439)
[ view plain ]
| 000 -LEADER | |
|---|---|
| campo de control de longitud fija | 00957nam a2200217 i 4500 |
| 001 - NÚMERO DE CONTROL | |
| campo de control | 162439 |
| 003 - IDENTIFICADOR DE NÚMERO DE CONTROL | |
| campo de control | ES-MaACL |
| 005 - FECHA Y HORA DE LA ÚLTIMA TRANSACCIÓN | |
| campo de control | 20250811063159.0 |
| 008 - DATOS DE LONGITUD FIJA--INFORMACIÓN GENERAL | |
| campo de control de longitud fija | 931025s1788 sp a |||| | spa d |
| 100 1# - ENTRADA PRINCIPAL--NOMBRE DE PERSONA | |
| Nombre de persona | Ponz, Antonio, |
| Fechas asociadas al nombre | 1725-1792 |
| 9 (RLIN) | 93069 |
| 245 10 - MENCIÓN DEL TÍTULO | |
| Título | Viage de España |
| Resto del título | : en que se da noticia de las cosas mas apreciables, y dignas de saberse que hay en ella / |
| Mención de responsabilidad, etc. | su autor D. Antonio Ponz... ; tomo XV... |
| 260 ## - PUBLICACIÓN, DISTRIBUCIÓN, ETC. | |
| Lugar de publicación, distribución, etc. | Madrid : |
| Nombre del editor, distribuidor, etc. | por la Viuda de Ibarra; Hijos y Compañía, |
| Fecha de publicación, distribución, etc. | 1788. |
| 300 ## - DESCRIPCIÓN FÍSICA | |
| Extensión | [2], XXX, 254 p., [1] h. de grab., [4] h. de grab. pleg. ; |
| Dimensiones | 8º (16 cm) |
| 505 8# - NOTA DE CONTENIDO CON FORMATO | |
| Nota de contenido con formato | Tomo XV trata de Aragon |
| 596 ## - NOTA AL PIE DE IMPRENTA | |
| NOTA AL PIE DE IMPRENTA | Marca de imp. en port. |
| 597 ## - NOTA DE DESCRIPCIÓN FÍSICA | |
| NOTA DE DESCRIPCIÓN FÍSICA | Sign.: a-b8, A-P8, Q7. |
| 599 ## - NOTA A LAS ILUSTRACIONES | |
| NOTA A LAS ILUSTRACIONES | Las [5] h. de grab. son calc. entre p. XXVI y 1, y al final del texto. |
| 651 #4 - PUNTO DE ACCESO ADICIONAL DE MATERIA--NOMBRE GEOGRÁFICO | |
| Nombre geográfico | Aragón- |
| Subdivisión general | Descripción. |
| 9 (RLIN) | 7788 |
| 852 ## - LOCALIZACIÓN | |
| Ubicación | ES-MaACL |
| Número de control de estantería | R-468-85 |
| Nota libre | -- Enc. piel, no original de la época |
| Encuadernación | Olim: F-12859-76 |
| Estatus retirado | Estado de pérdida | Estado de daño | No para préstamo | Colección | Biblioteca de origen | Biblioteca actual | Ubicación en estantería | Fecha de adquisición | Total de préstamos | Signatura topográfica completa | Código de barras | Visto por última vez | Precio de reemplazo | Tipo de ítem Koha |
|---|---|---|---|---|---|---|---|---|---|---|---|---|---|---|
| Libros del s. XVIII | Biblioteca del Ateneo de Madrid | Biblioteca del Ateneo de Madrid | Depósito | 17/01/2008 | R-468-85 | 1170176 | 23/02/2023 | 23/02/2023 | Libro impreso antiguo |
